00602cam a2200157 4500020001500000040000800015082002600023100002200049245002700071260004300098300003300141500020700174650001800381700002500399700002000424 a0879010282 cDLC00a516 WOR 1974 A026 Or.1 aMunem, Mustafa A.10aCollege trigonometry / a[New York] :bWorth Publishersc[1974] aix, 386 p. :bill. ;c25 cm. aSupplemented by: Study guide to accompany College trigonometry / Munem, Tschirhart and Yizze. (243 p. : ill. ; 28 cm.) Published: New York : Worth Publishers, Inc., c1974. Call number: QA531.M86 Suppl. 0aTrigonometry.1 aTschirhart, William.1 aYizze, James P.